Analysis of Structures : Stiffness Method (Record no. 1255)
[ view plain ]
| 000 -LEADER | |
|---|---|
| fixed length control field | 00309 a2200097 4500 |
| 020 ## - INTERNATIONAL STANDARD BOOK NUMBER | |
| International Standard Book Number | 9694170753 |
| 082 ## - DEWEY DECIMAL CLASSIFICATION NUMBER | |
| Classification number | 624.1719 ANA |
| 245 ## - TITLE STATEMENT | |
| Title | Analysis of Structures : Stiffness Method |
| Statement of responsibility, etc. | Higher Education Comission |
| 260 ## - PUBLICATION, DISTRIBUTION, ETC. | |
| Place of publication, distribution, etc. | Pakistan : |
| Name of publisher, distributor, etc. | Higher Education Comission |
| Date of publication, distribution, etc. | 2003 |
| 300 ## - PHYSICAL DESCRIPTION | |
| Extent | vii, 122p. : |
| Other physical details | ill. ; |
| Dimensions | 23 cm |
| 650 ## - SUBJECT ADDED ENTRY--TOPICAL TERM | |
| Topical term or geographic name entry element | Structural Analysis |
| Withdrawn status | Lost status | Damaged status | Not for loan | Permanent Location | Current Location | Shelving location | Date acquired | Total Checkouts | Full call number | Barcode | Date last seen | Price effective from | Koha item type | Checked out | Date last checked out | Total Renewals |
|---|---|---|---|---|---|---|---|---|---|---|---|---|---|---|---|---|
| School of Civil and Environmental Engineering (SCEE) | School of Civil and Environmental Engineering (SCEE) | 624.1719 ANA | NIT-788 | 01/05/2017 | 01/05/2017 | Book | ||||||||||
| School of Civil and Environmental Engineering (SCEE) | School of Civil and Environmental Engineering (SCEE) | 1 | NIT-786 | 02/09/2026 | 01/05/2017 | Book | 03/11/2026 | 02/09/2026 | ||||||||
| School of Civil and Environmental Engineering (SCEE) | School of Civil and Environmental Engineering (SCEE) | 1 | NIT-787 | 12/24/2019 | 01/05/2017 | Book | 09/26/2019 | 1 |
